Managerial Economics (Record no. 746)

MARC details
000 -LEADER
fixed length control field 00395nam a22001577a 4500
005 - DATE AND TIME OF LATEST TRANSACTION
control field 20180321121352.0
008 - FIXED-LENGTH DATA ELEMENTS--GENERAL INFORMATION
fixed length control field 160513b xxu||||| |||| 00| 0 eng d
041 ## - LANGUAGE CODE
Language code of text/sound track or separate title eng
082 ## - DEWEY DECIMAL CLASSIFICATION NUMBER
Item number 2035
Classification number 338.5024658
100 ## - MAIN ENTRY--AUTHOR NAME
Personal name D.N. Dwivedi
245 ## - TITLE STATEMENT
Title Managerial Economics
260 ## - PUBLICATION, DISTRIBUTION, ETC. (IMPRINT)
Place of publication New Delhi
Name of publisher Vikas Publishing House (P) Ltd.
Year of publication 2008
300 ## - PHYSICAL DESCRIPTION
Number of Pages 695
650 ## - SUBJECT ADDED ENTRY--TOPICAL TERM
Topical Term Management
942 ## - ADDED ENTRY ELEMENTS (KOHA)
Koha item type Books
Holdings
Lost status Damaged status Collection code Home library Shelving location Date acquired Cost, normal purchase price Full call number Accession Number Koha item type Current library
    MANAGEMENT JRU Library SHELF-60-D 13/05/2016 350.00 338.502 465 8 2035 Books  
    MANAGEMENT JRU Library SHELF-60-D 13/05/2016 350.00 338.502 465 8 2036 Books  
      JRU Library SHELF - 12 - D 13/05/2016 350.00 338.502 465 8 2037 Books  
      JRU Library   13/05/2016 350.00 338.502 465 8 2038 Books  
      JRU Library   13/05/2016 350.00 338.502 465 8 2039 Books  
    MANAGEMENT JRU Library SHELF-75-I 13/05/2016 350.00 338.502 465 8 2040 Books JRU Library
    MANAGEMENT JRU Library SHELF-60-D 13/05/2016 350.00 338.502 465 8 2041 Books  
      JRU Library   13/05/2016 350.00 338.502 465 8 2042 Books  
    MANAGEMENT JRU Library SHELF-60-D 13/05/2016 350.00 338.502 465 8 2043 Books  
      JRU Library   13/05/2016 350.00 338.502 465 8 2044 Books  
    MANAGEMENT JRU Library   13/05/2016 350.00 338.502 465 8 2045 Books JRU Library
      JRU Library   13/05/2016 350.00 338.502 465 8 2046 Books  
    MANAGEMENT JRU Library SHELF-75-I 13/05/2016 350.00 338.502 465 8 2047 Books JRU Library
      JRU Library   13/05/2016 350.00 338.502 465 8 2048 Books